Introducing Culture (Record no. 5543)

MARC details
000 -LEADER
fixed length control field 00531nam a2200229Ia 4500
003 - CONTROL NUMBER IDENTIFIER
control field OSt
005 - DATE AND TIME OF LATEST TRANSACTION
control field 20220912144337.0
008 - FIXED-LENGTH DATA ELEMENTS--GENERAL INFORMATION
fixed length control field 220909b |||||||| |||| 00| 0 eng d
020 ## - INTERNATIONAL STANDARD BOOK NUMBER
International Standard Book Number SL0688817
037 ## - SOURCE OF ACQUISITION
Terms of availability Textual
040 ## - CATALOGING SOURCE
Original cataloging agency CSL
Language of cataloging eng
Transcribing agency CSL
041 ## - LANGUAGE CODE
Language code of text/sound track or separate title eng
100 ## - MAIN ENTRY--PERSONAL NAME
Personal name Schusky E L
245 #0 - TITLE STATEMENT
Title Introducing Culture
700 ## - ADDED ENTRY--PERSONAL NAME
Personal name Schusky E L
942 ## - ADDED ENTRY ELEMENTS (KOHA)
Classification part Y7:1, L83
Koha item type Textual
Source of classification or shelving scheme Colon Classification (CC)
Holdings
Withdrawn status Lost status Damaged status Not for loan Home library Current library Date acquired Total Checkouts Full call number Barcode Date last seen Date last checked out Price effective from Koha item type
        Central Science Library Central Science Library 2022-09-12 1 Y7:1 L83 SL0688817 2026-01-13 2025-11-29 2022-09-12 Textual
Copyright @ Delhi University Library System